Meditationes / (Record no. 125960)
[ view plain ]
| 000 -LEADER | |
|---|---|
| fixed length control field | 00738cam a2200241 a 4500 |
| 001 - CONTROL NUMBER | |
| control field | 1150769 |
| 003 - CONTROL NUMBER IDENTIFIER | |
| control field | ARRUPE |
| 005 - DATE AND TIME OF LATEST TRANSACTION | |
| control field | 20170112094523.0 |
| 008 - FIXED-LENGTH DATA ELEMENTS--GENERAL INFORMATION | |
| fixed length control field | 950501r19921642it b 000 0 lat |
| 010 ## - LIBRARY OF CONGRESS CONTROL NUMBER | |
| LC control number | 95147325 |
| 040 ## - CATALOGING SOURCE | |
| Original cataloging agency | DLC |
| Transcribing agency | DLC |
| 041 0# - LANGUAGE CODE | |
| Language code of text/sound track or separate title | latita |
| 050 00 - LIBRARY OF CONGRESS CALL NUMBER | |
| Classification number | B1838.G112 |
| 300 ## - PHYSICAL DESCRIPTION | |
| Dimensions | 19cm. |
| 100 1# - MAIN ENTRY--PERSONAL NAME | |
| Personal name | Descartes, René, |
| Dates associated with a name | 1596-1650. |
| 9 (RLIN) | 4894 |
| 245 10 - TITLE STATEMENT | |
| Title | Meditationes / |
| Remainder of title | de prima philosophia |
| Statement of responsibility, etc | by René Descartes. |
| 260 ## - PUBLICATION, DISTRIBUTION, ETC. (IMPRINT) | |
| Place of publication, distribution, etc | Hamburg |
| Name of publisher, distributor, etc | Felix Meiner Verlag |
| Date of publication, distribution, etc | 1959 |
| 300 ## - PHYSICAL DESCRIPTION | |
| Extent | xxix, 166p.; |
| 500 ## - GENERAL NOTE | |
| General note | Latin and German |
| 700 ## - ADDED ENTRY--PERSONAL NAME | |
| Personal name | Gabe, Luder |
| Relator term | ed. |
| 9 (RLIN) | 28278 |
| 906 ## - LOCAL DATA ELEMENT F, LDF (RLIN) | |
| a | 7 |
| b | cbc |
| c | orignew |
| d | 3 |
| e | ncip |
| f | 19 |
| g | y-gencatlg |
| 942 ## - ADDED ENTRY ELEMENTS (KOHA) | |
| Source of classification or shelving scheme | Library of Congress Classification |
| Koha item type | Monograph ( Printed materials) |
| Withdrawn status | Lost status | Source of classification or shelving scheme | Damaged status | Not for loan | Collection code | Home library | Current library | Shelving location | Date acquired | Total Checkouts | Full call number | Barcode | Date last seen | Date checked out | Price effective from | Koha item type |
|---|---|---|---|---|---|---|---|---|---|---|---|---|---|---|---|---|
| Library of Congress Classification | Main Collection | ARRUPE LIBRARY | ARRUPE LIBRARY | Main Collection | 12/01/2017 | 1 | B1838.G112 | 46500022587 | 12/10/2017 | 12/10/2017 | 12/01/2017 | Monograph ( Printed materials) |